Name All Landlocked Countries - Statistics

General Stats
  • This quiz has been taken 21 times
  • The average score is 40 of 45
Answer Stats
Hint Answer % Correct
Europe Czechia
100%
Europe Andorra
92%
Asia Armenia
92%
Europe Austria
92%
Asia Bhutan
92%
Africa Burundi
92%
Africa Chad
92%
Asia Kazakhstan
92%
Europe Kosovo
92%
Asia Kyrgyzstan
92%
Europe Liechtenstein
92%
Europe Luxembourg
92%
Europe Moldova
92%
Asia Mongolia
92%
Asia Nepal
92%
South America Paraguay
92%
Africa Rwanda
92%
Europe San Marino
92%
Europe Serbia
92%
Europe Slovakia
92%
Africa South Sudan
92%
Europe Switzerland
92%
Asia Tajikistan
92%
Asia Turkmenistan
92%
Africa Uganda
92%
Asia Uzbekistan
92%
Europe Vatican City
92%
Asia Azerbaijan
85%
South America Bolivia
85%
Africa Botswana
85%
Africa Burkina Faso
85%
Africa Central African Republic
85%
Africa Ethiopia
85%
Asia Laos
85%
Africa Lesotho
85%
Africa Mali
85%
Africa Niger
85%
Europe North Macedonia
85%
Africa Zambia
85%
Africa Zimbabwe
85%
Europe Belarus
77%
Africa Eswatini
77%
Europe Hungary
77%
Africa Malawi
77%
Asia Afghanistan
69%
No matching quizzes found
Score Distribution
Percent of People with Each Score
Percentile by Number Answered
Your Score History
You have not taken this quiz